Shadow Accounting and Financial Statements of the Insurance Companies

IFRS 4. Pravidlá tieňového účtovníctva.

Na minha lista:
Detalhes bibliográficos
Autor principal: Juhászová, Zuzana, 1970-
Outros Autores: Domaracká, Denisa, Ferová, Nikoleta
Formato: Capítulo de Livro
Idioma:inglês
Assuntos:
Tags: Adicionar Tag
Sem tags, seja o primeiro a adicionar uma tag!

MARC

LEADER 00000nla a2200000 4500
001 0209825
005 20240502083523.9
041 0 |a eng 
044 |a CZ 
245 1 0 |a Shadow Accounting and Financial Statements of the Insurance Companies  |c Zuzana Juhászová, Denisa Domaracká, Nikoleta Ferová 
520 |a IFRS 4. Pravidlá tieňového účtovníctva. 
610 2 0 |a systémy účtovné 
610 2 0 |a výkazníctvo účtovné 
610 2 0 |a poisťovne 
100 1 |a Juhászová, Zuzana, 1970- 
700 1 |a Domaracká, Denisa 
700 1 |a Ferová, Nikoleta